000 00532nam a2200193 a 4500
005 20140310183556.0
008 111114s19uu xx 00 eng d
020 _a9789812533142
050 _aHD 31
_b.Sc326 2010
100 _aSchermerhorn, John R.
245 _aIntroduction to management /
_cJohn R. Schermerhorn.
250 _a10th ed.
260 _aNew Jersey :
_bJohn Wiley & Sons,
_c2010.
300 _a595 p.l :
_bill. ;
_c27 cm.
521 _aBSBA
650 _aManagement
942 _cBK
_2lcc
_kFOR
999 _c25033
_d25033